| 000 | 00371nam a2200145Ia 4500 | ||
|---|---|---|---|
| 008 | 220204s9999 xx 000 0 und d | ||
| 020 | _a139780120008070 | ||
| 082 |
_a631/635 _bADV.89 |
||
| 100 | _aSparks, Donald L | ||
| 245 | 0 | _aAdvances in agronomy. V. 89 | |
| 260 |
_aSan Diego _bElsevier _c2006 |
||
| 650 | _aNematode pest | ||
| 650 | _aOrganic wastes | ||
| 942 | _cBK | ||
| 999 |
_c42566 _d42566 |
||